| 000 | 00325nam a2200133Ia 4500 | ||
|---|---|---|---|
| 008 | 230312s9999||||xx |||||||||||||| ||und|| | ||
| 082 |
_a004.369 _bLAN-U |
||
| 100 | _aSebesta,Robert | ||
| 245 | 0 | _aCocepts of Programming Languages | |
| 260 |
_bASTM _aUSA _c1976 |
||
| 300 | _a165 | ||
| 650 |
_aComputer _vComputer |
||
| 942 | _cBK | ||
| 999 |
_c15766 _d15766 |
||